Hard and Soft Computing for Artificial Intelligence, Multimedia and Security

This book gathers the proceedings of the 20th International Conference on Advanced Computer Systems 2016, held in Międzyzdroje (Poland) on October 19–21, 2016. Addressing topics that include artificial intelligence (AI), software technologies, multimedia systems, IT security and design of informatio...

Πλήρης περιγραφή

Λεπτομέρειες βιβλιογραφικής εγγραφής
Συγγραφή απο Οργανισμό/Αρχή: SpringerLink (Online service)
Άλλοι συγγραφείς: Kobayashi, Shin-ya (Επιμελητής έκδοσης), Piegat, Andrzej (Επιμελητής έκδοσης), Pejaś, Jerzy (Επιμελητής έκδοσης), El Fray, Imed (Επιμελητής έκδοσης), Kacprzyk, Janusz (Επιμελητής έκδοσης)
Μορφή: Ηλεκτρονική πηγή Ηλ. βιβλίο
Γλώσσα:English
Έκδοση: Cham : Springer International Publishing : Imprint: Springer, 2017.
Σειρά:Advances in Intelligent Systems and Computing, 534
Θέματα:
Διαθέσιμο Online:Full Text via HEAL-Link
LEADER 02688nam a22004935i 4500
001 978-3-319-48429-7
003 DE-He213
005 20161019122103.0
007 cr nn 008mamaa
008 161019s2017 gw | s |||| 0|eng d
020 |a 9783319484297  |9 978-3-319-48429-7 
024 7 |a 10.1007/978-3-319-48429-7  |2 doi 
040 |d GrThAP 
050 4 |a Q342 
072 7 |a UYQ  |2 bicssc 
072 7 |a COM004000  |2 bisacsh 
082 0 4 |a 006.3  |2 23 
245 1 0 |a Hard and Soft Computing for Artificial Intelligence, Multimedia and Security  |h [electronic resource] /  |c edited by Shin-ya Kobayashi, Andrzej Piegat, Jerzy Pejaś, Imed El Fray, Janusz Kacprzyk. 
264 1 |a Cham :  |b Springer International Publishing :  |b Imprint: Springer,  |c 2017. 
300 |a XXV, 368 p. 151 illus.  |b online resource. 
336 |a text  |b txt  |2 rdacontent 
337 |a computer  |b c  |2 rdamedia 
338 |a online resource  |b cr  |2 rdacarrier 
347 |a text file  |b PDF  |2 rda 
490 1 |a Advances in Intelligent Systems and Computing,  |x 2194-5357 ;  |v 534 
520 |a This book gathers the proceedings of the 20th International Conference on Advanced Computer Systems 2016, held in Międzyzdroje (Poland) on October 19–21, 2016. Addressing topics that include artificial intelligence (AI), software technologies, multimedia systems, IT security and design of information systems, the main purpose of the conference and the book is to create an opportunity to exchange significant insights on this area between science and business. In particular, this expertise concerns the use of hard and soft computational methods for artificial intelligence, image and data processing, and finally, the design of information and security systems. The book contains a collection of carefully selected, peer-reviewed papers, combining high-quality original unpublished research, case studies, and implementation experiences. 
650 0 |a Engineering. 
650 0 |a Artificial intelligence. 
650 0 |a Computational intelligence. 
650 1 4 |a Engineering. 
650 2 4 |a Computational Intelligence. 
650 2 4 |a Artificial Intelligence (incl. Robotics). 
700 1 |a Kobayashi, Shin-ya.  |e editor. 
700 1 |a Piegat, Andrzej.  |e editor. 
700 1 |a Pejaś, Jerzy.  |e editor. 
700 1 |a El Fray, Imed.  |e editor. 
700 1 |a Kacprzyk, Janusz.  |e editor. 
710 2 |a SpringerLink (Online service) 
773 0 |t Springer eBooks 
776 0 8 |i Printed edition:  |z 9783319484280 
830 0 |a Advances in Intelligent Systems and Computing,  |x 2194-5357 ;  |v 534 
856 4 0 |u http://dx.doi.org/10.1007/978-3-319-48429-7  |z Full Text via HEAL-Link 
912 |a ZDB-2-ENG 
950 |a Engineering (Springer-11647)